[Event "Saratov Regional-ch"]
[Site "Saratov"]
[Date "2014.12.14"]
[Round "9"]
[White "Karpenko, Artem"]
[Black "Gluhenkii, Dmitry"]
[Result "1/2-1/2"]
[WhiteElo "2165"]
[BlackElo "2141"]
[PlyCount "184"]
[EventDate "2014.12.06"]
[EventType "swiss"]
[EventRounds "9"]
[EventCountry "RUS"]
[SourceTitle "CBM 164 Extra"]
[Source "ChessBase"]
[SourceDate "2015.03.02"]
[SourceVersion "1"]
[SourceVersionDate "2015.03.02"]
[SourceQuality "1"]

1. d4 Nf6 2. c4 g6 3. Nc3 Bg7 4. e4 d6 5. f3 0-0 6. Nge2 Nc6 7. Be3 a6 8. Qd2 Rb8 9. Nc1 e5 10. d5 Nd4 11. N1e2 c5 12. dxc6 bxc6 13. Nxd4 exd4 14. Bxd4 d5 15. cxd5 cxd5 16. exd5 Qe7+ 17. Be2 Qb4 18. a3 Qxb2 19. Ra2 Qxd2+ 20. Rxd2 Rb3 21. a4 Re8 22. Kf2 Bh6 23. Rdd1 Nh5 24. Rb1 Be3+ 25. Bxe3 Rxc3 26. Bd2 Rc2 27. Rhd1 Nf4 28. Bf1 Nxd5 29. Rbc1 Rb2 30. Kg1 Bf5 31. Bh6 Nb4 32. Re1 Ra8 33. Re7 Be6 34. Rec7 Nd5 35. R7c5 Ne7 36. Bg5 Nf5 37. Bf6 Ra2 38. Ra1 Rd2 39. Bg5 Rd6 40. Bf4 Rd4 41. Be5 Rb4 42. Ra5 Bc8 43. Rd1 Bb7 44. Bxa6 Bxa6 45. Rxa6 Re8 46. Bf6 Rbb8 47. Rc6 Ra8 48. Ra1 Ra5 49. Bc3 Raa8 50. a5 Re2 51. a6 Ne3 52. a7 Rxg2+ 53. Kh1 Rc2 54. Rb6 Rxc3 55. Rb8+ Rc8 56. Rxc8+ Rxc8 57. a8Q Rxa8 58. Rxa8+ Kg7 59. Kg1 Nf5 60. Kf2 h5 61. Ke2 Nh6 62. Ke3 Nf5+ 63. Kf4 Nh6 64. Ra7 Nf5 65. Ra5 Nd4 66. Rd5 Ne6+ 67. Ke5 Ng5 68. Rd3 Nh7 69. f4 Nf6 70. h3 h4 71. Kd4 Nh5 72. Ke3 f5 73. Rd7+ Kh6 74. Ra7 Nf6 75. Kd4 Ne4 76. Ke5 Ng3 77. Ra4 Nh5 78. Ke6 Kg7 79. Ra7+ Kh6 80. Ke5 Ng3 81. Ra8 Kg7 82. Ra7+ Kh6 83. Ra2 Kg7 84. Rb2 Nh5 85. Rb7+ Kh6 86. Rb4 Kg7 87. Ke6 Ng3 88. Rb7+ Kh6 89. Ra7 Ne2 90. Ke5 Ng3 91. Ra8 Kg7 92. Ra7+ Kh6 1/2-1/2

[Event "Saratov Regional-ch"]
[Site "Saratov"]
[Date "2014.12.10"]
[Round "5"]
[White "Gluhenkii, Dmitry"]
[Black "Biryukov, Dmitriy"]
[Result "1/2-1/2"]
[WhiteElo "2141"]
[BlackElo "2278"]
[PlyCount "202"]
[EventDate "2014.12.06"]
[EventType "swiss"]
[EventRounds "9"]
[EventCountry "RUS"]
[SourceTitle "CBM 164 Extra"]
[Source "ChessBase"]
[SourceDate "2015.03.02"]
[SourceVersion "1"]
[SourceVersionDate "2015.03.02"]
[SourceQuality "1"]

1. e4 d6 2. g3 g6 3. h4 h5 4. d3 Bg7 5. c3 c5 6. Bg5 Nc6 7. Nd2 Nf6 8. Ngf3 0-0 9. Bg2 Ng4 10. Nc4 b5 11. Na3 b4 12. Nb1 Qb6 13. Qc2 bxc3 14. Nxc3 Nb4 15. Qd2 Nxd3+ 16. Qxd3 Qxb2 17. 0-0 Qxc3 18. Qxc3 Bxc3 19. Bxe7 Bxa1 20. Rxa1 Be6 21. Bxd6 Rfd8 22. Bxc5 Rac8 23. Bxa7 Ra8 24. Bb6 Rxa2 25. Re1 Rc8 26. Ng5 Rac2 27. Nxe6 Rc1 28. Rxc1 Rxc1+ 29. Bf1 fxe6 30. Kg2 Kf7 31. Bd4 e5 32. Bb6 Ke6 33. Be2 Nf6 34. f3 Ne8 35. Kh3 Nd6 36. Bd8 Re1 37. Ba6 Ra1 38. Be2 Ra2 39. Bd1 Rd2 40. Bb3+ Kd7 41. Bf6 Rd3 42. Bd5 Rxf3 43. Bxe5 Nxe4 44. Bxe4 Re3 45. Bxg6 Rxe5 46. g4 Re3+ 47. Kg2 hxg4 48. Bf5+ Ke7 49. Bxg4 Kf6 50. Kf2 Ra3 51. Bd7 Ke5 52. h5 Kf4 53. Be8 Ra2+ 54. Ke1 Rh2 55. Bg6 Ke3 56. Kd1 Kd4 57. Kc1 Rg2 58. Kd1 Ke3 59. Kc1 Rg5 60. Kc2 Kd4 61. Kd2 Rg3 62. Ke2 Ke5 63. Kd2 Kf4 64. Kc2 Ke5 65. Kd2 Kd4 66. Ke2 Re3+ 67. Kd2 Re6 68. Kd1 Kc3 69. Bf7 Re7 70. Bg6 Re6 71. Bf7 Re3 72. Bg6 Rg3 73. Ke2 Kd4 74. Kf2 Rg5 75. Kf3 Ke5 76. Kf2 Kf4 77. Ke2 Rg3 78. Kf2 Ra3 79. Ke2 Ra6 80. Kd3 Rd6+ 81. Kc4 Ke5 82. Kc3 Rf6 83. Kd3 Rf3+ 84. Kc4 Rh3 85. Bf7 Rh4+ 86. Kd3 Rg4 87. Bg6 Rg3+ 88. Kc4 Rh3 89. Bf7 Rf3 90. Bg6 Rf6 91. Kd3 Rc6 92. Bf7 Rd6+ 93. Kc4 Rd4+ 94. Kc3 Rf4 95. Bg6 Rf3+ 96. Kc4 Rg3 97. Bf7 Rg4+ 98. Kd3 Rh4 99. Bg6 Rd4+ 100. Kc3 Rd7 101. Kc4 Rc7+ 1/2-1/2

[Event "Saratov-B"]
[Site "Saratov"]
[Date "2009.08.17"]
[Round "10"]
[White "Zhestkov, Igor"]
[Black "Gluhenkii, Dmitry"]
[Result "1/2-1/2"]
[WhiteElo "1987"]
[BlackElo "2150"]
[PlyCount "20"]
[EventDate "2009.08.10"]
[EventType "tourn"]
[EventRounds "13"]
[EventCountry "RUS"]
[SourceTitle "CBM 132 Extra"]
[Source "ChessBase"]
[SourceDate "2009.11.03"]
[SourceVersion "1"]
[SourceVersionDate "2009.11.03"]
[SourceQuality "1"]

1. e4 e5 2. Nf3 Nc6 3. Bb5 a6 4. Ba4 Nf6 5. 0-0 d6 6. Nc3 b5 7. Bb3 Be7 8. a4 b4 9. Nd5 Rb8 10. Nxf6+ Bxf6 1/2-1/2

[Event "Saratov-B"]
[Site "Saratov"]
[Date "2009.08.14"]
[Round "7"]
[White "Vetryansky, Vladimir"]
[Black "Gluhenkii, Dmitry"]
[Result "1-0"]
[WhiteElo "2176"]
[BlackElo "2150"]
[PlyCount "81"]
[EventDate "2009.08.10"]
[EventType "tourn"]
[EventRounds "13"]
[EventCountry "RUS"]
[SourceTitle "CBM 132 Extra"]
[Source "ChessBase"]
[SourceDate "2009.11.03"]
[SourceVersion "1"]
[SourceVersionDate "2009.11.03"]
[SourceQuality "1"]

1. d4 d6 2. c4 g6 3. Nc3 Bg7 4. e4 e5 5. d5 f5 6. exf5 Bxf5 7. Bd3 Nf6 8. f3 0-0 9. Nge2 Bxd3 10. Qxd3 e4 11. fxe4 Nbd7 12. Bg5 Ne5 13. Qc2 h6 14. Bh4 g5 15. Bg3 Nfg4 16. Nd4 Nxc4 17. Ne6 Qe7 18. Nd1 b5 19. Rc1 c6 20. Qe2 Nge5 21. b3 cxd5 22. exd5 Nb6 23. Rc7 Ned7 24. Nxf8 Qxf8 25. Qe6+ Kh8 26. Bxd6 Qe8 27. 0-0 Qh5 28. Rxd7 Nxd7 29. Qxd7 Re8 30. Bg3 Qe2 31. Bf2 Rf8 32. Qe6 Qd3 33. Re1 a5 34. h3 Qd2 35. a4 Qd3 36. axb5 Qxb3 37. d6 Qxb5 38. d7 Qb8 39. Qe8 Qd6 40. Ne3 a4 41. Rd1 1-0

[Event "RUS-chB U18"]
[Site "Dagomys"]
[Date "2009.04.19"]
[Round "5"]
[White "Shustov, Igor"]
[Black "Gluhenkii, Dmitry"]
[Result "1/2-1/2"]
[WhiteElo "2057"]
[BlackElo "2160"]
[PlyCount "137"]
[EventDate "2009.04.15"]
[EventType "swiss"]
[EventRounds "9"]
[EventCountry "RUS"]
[SourceTitle "EXT 2010"]
[Source "ChessBase"]
[SourceDate "2010.11.25"]
[SourceVersion "1"]
[SourceVersionDate "2010.11.25"]
[SourceQuality "1"]

1. d4 d6 2. e4 g6 3. Nf3 Bg7 4. c3 Nc6 5. Be2 e5 6. 0-0 Nge7 7. Be3 0-0 8. dxe5 Nxe5 9. Nxe5 Bxe5 10. Bh6 Bg7 11. Bxg7 Kxg7 12. f4 Nc6 13. Nd2 Qh4 14. b4 a6 15. a4 Re8 16. b5 axb5 17. axb5 Rxa1 18. Qxa1 Nd8 19. Qa7 Ne6 20. Qe3 Nc5 21. Qd4+ Kg8 22. Bc4 Be6 23. Bxe6 Nxe6 24. Qe3 Nc5 25. e5 Qe7 26. Nf3 f6 27. Qd4 Ne6 28. Qd5 Kh8 29. exd6 Nxf4 30. Qxb7 Qe2 31. Nd4 Qe3+ 32. Kh1 cxd6 33. Qf7 Qe4 34. Qxf6+ Kg8 35. Qg5 h6 36. Qg3 Re5 37. Nf3 Rxb5 38. Nd2 Qe2 39. h4 Qxd2 40. Rxf4 g5 41. Rf1 Re5 42. Kh2 Qe3 43. Rf3 Qe4 44. Rf6 Kg7 45. Rxd6 Qxh4+ 46. Qxh4 gxh4 47. Rd4 Re3 48. c4 h3 49. g3 Kg6 50. Kxh3 Rc3 51. Kg4 Rc1 52. Kf4 Rc3 53. Rd6+ Kg7 54. Rd7+ Kf6 55. Rc7 Kg6 56. c5 Rc4+ 57. Ke5 Rg4 58. Rc8 Kh5 59. c6 Rxg3 60. Rf8 Rc3 61. Kd6 Rd3+ 62. Ke6 Rc3 63. Kd5 Kg4 64. Re8 h5 65. Re4+ Kg5 66. Re5+ Kg4 67. Re4+ Kg3 68. Rc4 Rd3+ 69. Rd4 1/2-1/2

[Event "PriFR-ch U18"]
[Site "Penza"]
[Date "2008.11.09"]
[Round "7"]
[White "Kamov, Igor"]
[Black "Gluhenkii, Dmitry"]
[Result "1/2-1/2"]
[WhiteElo "2260"]
[BlackElo "2135"]
[PlyCount "120"]
[EventDate "2008.11.03"]
[EventType "swiss"]
[EventRounds "9"]
[EventCountry "RUS"]
[SourceTitle "EXT 2022"]
[Source "ChessBase"]
[SourceDate "2021.10.06"]
[SourceVersion "1"]
[SourceVersionDate "2021.10.06"]
[SourceQuality "1"]

1. d4 d6 2. Nf3 g6 3. c4 Bg7 4. Nc3 Nc6 5. e4 e5 6. d5 Nce7 7. Be2 f5 8. 0-0 Nf6 9. Nd2 0-0 10. b4 c6 11. Ba3 fxe4 12. Ndxe4 Nxe4 13. Nxe4 cxd5 14. cxd5 Bf5 15. Bf3 Bxe4 16. Bxe4 Qb6 17. Qd3 Rac8 18. Bc1 Nf5 19. Bd2 Qd4 20. Rac1 Qxd3 21. Bxd3 Nd4 22. f3 Rfe8 23. Rfe1 Bf6 24. Kf2 Rf8 25. Be4 a6 26. Bh6 Rfe8 27. Bd2 Kg7 28. g3 h6 29. h4 h5 30. Kg2 Kf7 31. Kh3 Rh8 32. f4 Kg7 33. fxe5 Bxe5 34. Bg5 Rhf8 35. g4 Rf2 36. gxh5 gxh5 37. Bg2 Rxc1 38. Bxc1 Rxa2 39. Rxe5 dxe5 40. d6 Rxg2 41. d7 Nc6 42. Kxg2 Kf7 43. Bg5 Ke6 44. d8Q Nxd8 45. Bxd8 Kd5 46. Kf3 Kc4 47. Be7 Kd3 48. Bc5 Kc4 49. Bd6 Kd5 50. Bf8 Kd4 51. Ke2 b6 52. Be7 a5 53. bxa5 bxa5 54. Bf8 Ke4 55. Bh6 a4 56. Bc1 Kd4 57. Bb2+ Ke4 58. Bc1 Kd4 59. Bb2+ Ke4 60. Bc1 Kd4 1/2-1/2

[Event "Saratov region op"]
[Site "Saratov"]
[Date "2008.06.04"]
[Round "6"]
[White "Muromtsev, Arthur"]
[Black "Gluhenkii, Dmitry"]
[Result "1/2-1/2"]
[WhiteElo "2262"]
[BlackElo "2105"]
[PlyCount "83"]
[EventDate "2008.05.30"]
[EventType "swiss"]
[EventRounds "9"]
[EventCountry "RUS"]
[SourceTitle "CBM 124 Extra"]
[Source "ChessBase"]
[SourceDate "2008.07.03"]
[SourceVersion "1"]
[SourceVersionDate "2008.07.03"]
[SourceQuality "1"]

1. e4 e6 2. d4 d5 3. Nc3 dxe4 4. Nxe4 Nd7 5. Bd3 Ngf6 6. Qe2 Be7 7. Bd2 b6 8. Nf3 Bb7 9. g4 c5 10. g5 Nxe4 11. Bxe4 Bxe4 12. Qxe4 cxd4 13. Qxd4 0-0 14. Bc3 e5 15. Qg4 Nc5 16. Rd1 Qc8 17. Rg1 Re8 18. Nh4 Qxg4 19. Rxg4 g6 20. Ng2 Ne6 21. h4 Bc5 22. Re4 Bd4 23. Bxd4 exd4 24. Kd2 Nc5 25. Rxd4 Ne4+ 26. Kc1 Nxf2 27. Rf1 Ne4 28. Rd7 Nc5 29. Rc7 Rac8 30. Rfxf7 Rxc7 31. Rxc7 Re2 32. Nf4 Rh2 33. b4 Na6 34. Rxa7 Nxb4 35. Rc7 Nxa2+ 36. Kb2 Nb4 37. Ne6 Re2 38. Rg7+ Kh8 39. Re7 Kg8 40. Rg7+ Kh8 41. Re7 Kg8 42. Rg7+ 1/2-1/2

[Event "PriFR-ch U16"]
[Site "Gorodets"]
[Date "2007.11.??"]
[Round "7"]
[White "Borisovsky, Viktor"]
[Black "Gluhenkii, Dmitry"]
[Result "0-1"]
[WhiteElo "2009"]
[BlackElo "2103"]
[PlyCount "60"]
[EventDate "2007.11.02"]
[EventType "swiss"]
[EventRounds "9"]
[EventCountry "RUS"]
[SourceTitle "EXT 2022"]
[Source "ChessBase"]
[SourceDate "2021.10.06"]
[SourceVersion "1"]
[SourceVersionDate "2021.10.06"]
[SourceQuality "1"]

1. c4 c6 2. e4 d5 3. exd5 cxd5 4. d4 Nf6 5. Nf3 Nc6 6. Nc3 Bg4 7. cxd5 Nxd5 8. Bc4 Nf6 9. Qb3 e6 10. d5 Bxf3 11. gxf3 Nd4 12. Qa4+ Qd7 13. Qd1 exd5 14. Nxd5 Qe6+ 15. Be3 Nxd5 16. Qxd4 Nxe3 17. fxe3 Qb6 18. Qe5+ Be7 19. Kf2 Qf6 20. Qb5+ Qc6 21. Rac1 Kf8 22. Qd5 Qf6 23. Qxb7 Qh4+ 24. Ke2 Rd8 25. Bd5 Qg5 26. e4 Qg2+ 27. Ke3 Bg5+ 28. Kd4 Bf6+ 29. e5 Qf2+ 30. Ke4 Qe2+ 0-1

[Event "PriFR-ch U16"]
[Site "Gorodets"]
[Date "2007.11.??"]
[Round "9"]
[White "Gluhenkii, Dmitry"]
[Black "Alyautdinov, Rushan"]
[Result "1-0"]
[WhiteElo "2103"]
[BlackElo "2197"]
[PlyCount "59"]
[EventDate "2007.11.02"]
[EventType "swiss"]
[EventRounds "9"]
[EventCountry "RUS"]
[SourceTitle "EXT 2022"]
[Source "ChessBase"]
[SourceDate "2021.10.06"]
[SourceVersion "1"]
[SourceVersionDate "2021.10.06"]
[SourceQuality "1"]

1. e4 c5 2. Nf3 Nc6 3. d4 cxd4 4. Nxd4 e5 5. Nb5 a6 6. Nd6+ Bxd6 7. Qxd6 Qf6 8. Qxf6 Nxf6 9. Nc3 Nb4 10. Bd3 Nxd3+ 11. cxd3 h6 12. Ke2 d6 13. b3 Be6 14. Ba3 0-0-0 15. f3 Rhe8 16. Rhd1 d5 17. Na4 Kb8 18. Rac1 b5 19. Nc5 Bc8 20. Bb4 Bb7 21. Ba5 Rc8 22. Be1 Ka7 23. Bf2 d4 24. f4 Rcd8 25. fxe5 Rxe5 26. b4 Ng4 27. Bg1 Re7 28. Nb3 Red7 29. a4 f5 30. h3 1-0